| 000 | 00423nam a22001457a 4500 | ||
|---|---|---|---|
| 003 | SISC | ||
| 005 | 20160602083617.0 | ||
| 008 | 160602b xxu||||| |||| 00| 0 eng d | ||
| 020 | _a9781910561010 | ||
| 050 |
_aAG 243 _b.G964 2015 |
||
| 245 | _aGuinness world records 2016 / | ||
| 260 |
_aUnited Kingdom : _bGuinness World Records Limited, _c2015. |
||
| 300 |
_a255 pages : _bcolor illustrations ; _c31 cm. |
||
| 942 |
_2lcc _cBK |
||
| 999 |
_c295565 _d295565 |
||